عرض عادي
عرض مارك
- Oberlender, Garold D.
مدخل إسم شخص
001 - رقم الضبط
- حقل الضبط: 46252
003 - معرف رقم الضبط
- حقل الضبط: OSt
005 - تاريخ ووقت أخر عملية
- حقل الضبط: 20140709212652.0
008 - عناصر بيانات ثابتة الطول
- حقل تحكم ثابت الطول: 140709|||a|||||| | ||| d
040 ## - مصدر الفهرسة
- هيئة الفهرسة الأصلية: OSt
- وكالة الكتابة: OSt
100 ## - مدخل -- أسم شخص
- إسم شخص: Oberlender, Garold D.
670 ## - بيانات المصدر موجوده
- الاستشهاد بالمصدر: Work cat.: (OSt)0: Oberlender, Garold D., Project management for engineering and construction /, c2000.
